| 000 | 00836nam a2200229Ia 4500 | ||
|---|---|---|---|
| 001 | 9458 | ||
| 003 | GE_BSU | ||
| 008 | 181216s||||||||xx |||||||||||||| ||und|| | ||
| 040 | _cGE_BSU | ||
| 080 | _a821.353.1–31 | ||
| 100 | _aმრელაშვილი,ლადო | ||
| 245 | _aთავგადასავალი სამი ღამისა | ||
| 245 | _bმოთხრობა | ||
| 245 | _cრედ. ლ.ქადაგიშვილი.მხატვ.ი.მეძმარიაშვილი და გ.გიგაური | ||
| 260 | _aთბილისი | ||
| 260 | _bნაკადული | ||
| 260 | _c1971 | ||
| 300 | _a236გვ.ილ.21სმ. | ||
| 653 | _aთავგადასავალი სამი ღამისა | ||
| 653 | _aმოთხრობა | ||
| 942 | _cBK | ||
| 999 |
_c42752 _d42752 |
||